Matemática en contexto III y IV : (Registro nro. 7487)
[ vista simple ]
| 000 -LIDER | |
|---|---|
| fixed length control field | 00609nam a2200193 a 4500 |
| 001 - NÚMERO DE CONTROL | |
| Identificador de número de control | 0005638 |
| 003 - IDENTIFICACDOR DE NÚMERO DE CONTROL | |
| control field | DO-SdBNP |
| 005 - DATE AND TIME OF LATEST TRANSACTION | |
| control field | 20180313132142.0 |
| 007 - CAMPOS FIJOS DE DESCRIPCIÓN FÍSICA | |
| fixed length control field | 0005638 |
| 008 - ELEMENTOS DE LONGITUD FIJA | |
| fixed length control field | 150119s2012 000 spa d |
| 020 ## - ISBN | |
| International Standard Book Number | 9781578377110 |
| 040 ## - FUENTE DE CATALOGACIÓN | |
| Agencia que crea de manera original el registro | BPMSU |
| Idioma de catalogación | spa |
| Agencia que realiza la transcripción | BPMSU |
| 245 #0 - MENCIÓN DE TITULO | |
| Título | Matemática en contexto III y IV : |
| Subtítulo | manual de referencia / |
| Mención de responsabilidad | John Chamberlain, Leno S. Pedrotti, Agustín Navarra |
| 260 ## - PUBLICACIÓN, DISTRIBUCIÓN, ETC. (PIE DE IMPRENTA) | |
| Lugar de publicación, distribución, etc | Santo Domingo : |
| Nombre del editor, distribuidor, etc. | Fundación Inicia |
| Fecha de publicación, distribución, etc | 2012. |
| 300 ## - DESCRIPCIÓN FÍSICA | |
| Extensión | 104 p. : |
| Otros detalles físicos | il. ; |
| Dimensiones | 30 cm. |
| 942 ## - ADDED ENTRY ELEMENTS (KOHA) | |
| Source of classification or shelving scheme | Dewey Decimal Classification |
| Koha item type | Música |
| 945 ## - INFORMACIÓN DE PROCESAMIENTO LOCAL | |
| Información de procesamiento local | Remanejado para la BNPHU VM |
| 956 ## - LOCAL ELECTRONIC LOCATION AND ACCESS (OCLC) | |
| Nombre de host | VMATEO |
| Número de acceso | 10 |
| Información de compresión | 20150324 |
| Inicio de sesión | BPMSU |
| Procesador de solicitud | 00151 |
| Withdrawn status | Lost status | Source of classification or shelving scheme | Damaged status | Not for loan | Collection code | Home library | Current library | Date acquired | Total Checkouts | Barcode | Date last seen | Price effective from | Koha item type | Copy number |
|---|---|---|---|---|---|---|---|---|---|---|---|---|---|---|
| Dewey Decimal Classification | Colección Escolar | Biblioteca Pública Metropolitana Salomé Ureña | Biblioteca Pública Metropolitana Salomé Ureña | 02/24/2015 | BPMSU15040123 | 02/24/2015 | 02/24/2015 | Libros | ||||||
| Dewey Decimal Classification | Colección Escolar | Biblioteca Pública Metropolitana Salomé Ureña | Biblioteca Pública Metropolitana Salomé Ureña | 08/27/2015 | BPMET15080498 | 08/27/2015 | 08/27/2015 | Música | ej. 2 | |||||
| Dewey Decimal Classification | Colección Escolar | Biblioteca Pública Metropolitana Salomé Ureña | Biblioteca Pública Metropolitana Salomé Ureña | 08/27/2015 | BPMET15080499 | 08/27/2015 | 08/27/2015 | Música | ej. 3 |